Tratado de economía política / (Registro nro. 5829)
[ vista simple ]
| 000 -LEADER | |
|---|---|
| fixed length control field | 01216nam a2200289Ia 4500 |
| 003 - CONTROL NUMBER IDENTIFIER | |
| control field | OSt |
| 005 - DATE AND TIME OF LATEST TRANSACTION | |
| control field | 20200623120003.0 |
| 008 - FIXED-LENGTH DATA ELEMENTS--GENERAL INFORMATION | |
| fixed length control field | 191128s2001 mx gr 000 0 spa d |
| 020 ## - INTERNATIONAL STANDARD BOOK NUMBER | |
| International Standard Book Number | 9681662784 |
| 040 ## - CATALOGING SOURCE | |
| Original cataloging agency | CO-JMCR |
| Transcribing agency | CO-JMCR |
| 041 1# - LANGUAGE CODE | |
| Language code of text/sound track or separate title | spa |
| Language code of original | fr |
| 082 04 - DEWEY DECIMAL CLASSIFICATION NUMBER | |
| Classification number | 330.153 / |
| Item number | S274t |
| Edition number | 23 |
| 100 1# - MAIN ENTRY--PERSONAL NAME | |
| Personal name | Say, Baptiste Jean, |
| Relator term | autor |
| 9 (RLIN) | 5962 |
| 245 10 - TITLE STATEMENT | |
| Title | Tratado de economía política / |
| Statement of responsibility, etc. | Jean Baptiste Say ; traducción de Eliane Cazenave Tapie Isoard |
| 250 ## - EDITION STATEMENT | |
| Edition statement | Primera edición |
| 260 ## - PUBLICATION, DISTRIBUTION, ETC. | |
| Place of publication, distribution, etc. | México : |
| Name of publisher, distributor, etc. | Fondo de Cultura Económica, |
| Date of publication, distribution, etc. | 2001. |
| 300 ## - PHYSICAL DESCRIPTION | |
| Extent | 498 páginas ; |
| Dimensions | 23 cm. |
| 490 0# - SERIES STATEMENT | |
| Series statement | Clásicos de economía. Obras de Economía |
| 505 0# - FORMATTED CONTENTS NOTE | |
| Formatted contents note | De la producción de las riquezas -- De la distribución de las riquezas -- Del consumo de las riquezas |
| 520 3# - SUMMARY, ETC. | |
| Summary, etc. | Es un clásico en la materia cuyos objetivos proncipales consisten en definir el ámbito de estudio propio de la economía política, que desde siempre se ha confundido con otras ciencias. |
| 534 ## - ORIGINAL VERSION NOTE | |
| Introductory phrase | Traité d'Economie politique |
| 546 ## - LANGUAGE NOTE | |
| Language note | Traducido del francés |
| 650 14 - SUBJECT ADDED ENTRY--TOPICAL TERM | |
| Topical term or geographic name entry element | Economía |
| General subdivision | Riqueza |
| 9 (RLIN) | 5963 |
| 650 14 - SUBJECT ADDED ENTRY--TOPICAL TERM | |
| Topical term or geographic name entry element | Economía política |
| 9 (RLIN) | 5964 |
| 700 1# - ADDED ENTRY--PERSONAL NAME | |
| Personal name | Tapie Isoard, Eliane Cazenave, |
| Relator term | traductora |
| 9 (RLIN) | 1713 |
| 942 ## - ADDED ENTRY ELEMENTS (KOHA) | |
| Source of classification or shelving scheme | Dewey Decimal Classification |
| Koha item type | Books |
| Withdrawn status | Lost status | Source of classification or shelving scheme | Materials specified (bound volume or other part) | Damaged status | Not for loan | Home library | Current library | Shelving location | Date acquired | Source of acquisition | Cost, normal purchase price | Total Checkouts | Full call number | Barcode | Date last seen | Copy number | Price effective from | Koha item type |
|---|---|---|---|---|---|---|---|---|---|---|---|---|---|---|---|---|---|---|
| Dewey Decimal Classification | Donación--15/04/2018-- | Biblioteca Pública José María del Castillo y Rada | Biblioteca Pública José María del Castillo y Rada | General Stacks | 11/28/2019 | Donación | 0.00 | 330.153 / S274t | 430005044 | 05/16/2024 | Ej.2 | 11/28/2019 | Books |